[Event "Olomouc 2010 - GM1 Valoz Cup"]
[Site "Olomouc (CZE), Hotel Sigma"]
[Date "2010.08.12"]
[Round "9"]
[White "Plat, Vojtech"]
[Black "Vovk, Yuri"]
[Result "0-1"]
[WhiteElo "2405"]
[BlackElo "2561"]
[PlyCount "76"]
[EventDate "2010.08.04"]

1. e4 e5 2. Nf3 Nc6 3. Bb5 a6 4. Ba4 Nf6 5. d4 exd4 6. O-O Be7 7. Re1 b5 8. e5
Nxe5 9. Nxe5 bxa4 10. Qxd4 O-O 11. Bg5 Rb8 12. Nd2 Nd5 13. Bxe7 Nxe7 14. Nd3 a3
15. b3 Nf5 16. Qf4 d6 17. Nc4 Qf6 18. Nxa3 Bb7 19. Nc4 g5 20. Qg4 Nh4 21. f3
Kg7 22. Nd2 h6 23. Rad1 Rbe8 24. Qb4 Ba8 25. Ne4 Qd8 26. Qc3+ Kg6 27. Nb4 f5
28. Ng3 Qb8 29. Qc4 g4 30. Nd5 Qa7+ 31. Kf1 gxf3 32. Qxh4 fxg2+ 33. Kxg2 Bxd5+
34. Rxd5 Rxe1 35. Qh5+ Kh7 36. Rxf5 Qa8+ 37. Kf2 Re7 38. Kg1 Qe8 0-1

[Event "Olomouc 2010 - GM1 Valoz Cup"]
[Site "Olomouc (CZE), Hotel Sigma"]
[Date "2010.08.12"]
[Round "9"]
[White "Sharma, Dinesh K"]
[Black "Baron, Tal"]
[Result "0-1"]
[WhiteElo "2365"]
[BlackElo "2438"]
[PlyCount "216"]
[EventDate "2010.08.04"]

1. e4 c5 2. Nf3 Nc6 3. d4 cxd4 4. Nxd4 Nf6 5. Nc3 e5 6. Ndb5 d6 7. Bg5 a6 8.
Na3 b5 9. Nd5 Be7 10. Bxf6 Bxf6 11. c4 b4 12. Nc2 a5 13. Qf3 Be7 14. a3 bxa3
15. Qxa3 Rb8 16. Bd3 O-O 17. O-O Be6 18. Rfd1 Qd7 19. Bf1 Rfd8 20. Nxe7+ Qxe7
21. Rd2 Qc7 22. Rad1 Nb4 23. Nxb4 axb4 24. Qa6 Bc8 25. Qa4 Bd7 26. Qa6 Bc8 27.
Qa4 Kf8 28. h3 Ke7 29. Qb3 Be6 30. Qe3 Ra8 31. Kh2 Ra5 32. b3 f6 33. Be2 Qc5
34. Qxc5 Rxc5 35. Ra1 Rc7 36. Kg3 Bd7 37. Kf3 g6 38. Ke3 f5 39. Ra6 Bc6 40. Bf3
f4+ 41. Kd3 Ra8 42. Rda2 Rb8 43. Ra7 Kd8 44. R7a6 h5 45. Ra1 Kd7 46. Ra7 Rcb7
47. Rxb7+ Bxb7 48. Ra4 Kc7 49. Ra2 Kb6 50. Ra4 Kc7 51. Ra7 Rh8 52. Ra4 Bc6 53.
Ra7+ Bb7 54. Ra4 Rg8 55. Ra7 Kb6 56. Ra4 Bc6 57. Ra1 Rh8 58. Be2 Bd7 59. Bf3 g5
60. Be2 g4 61. h4 Rg8 62. Bf1 Bc6 63. Ra2 Rf8 64. Ra1 Rg8 65. Ra2 Re8 66. Ra1
Bd7 67. Kd2 Rf8 68. Ra2 Bc6 69. Kd3 Rd8 70. Ra1 Rc8 71. Ra2 Bd7 72. Ra1 Re8 73.
Kd2 Rb8 74. Ra2 Rc8 75. Ra1 Be8 76. Kd3 Rd8 77. Kd2 Bg6 78. Bd3 Rc8 79. Ra4 Be8
80. Ra1 Bc6 81. Bc2 Rg8 82. Kd3 Bd7 83. Bd1 g3 84. Bxh5 gxf2 85. Bf3 Bh3 86.
Rf1 Bxg2 87. Rxf2 Bxf3 88. Rxf3 Rg2 89. Rh3 Rb2 90. Rh1 Rxb3+ 91. Kd2 Rc3 92.
h5 Rxc4 93. h6 Rc8 94. h7 Rh8 95. Kd3 Kb5 96. Rh6 Kc5 97. Rh1 b3 98. Kc3 b2 99.
Kxb2 Kd4 100. Rh6 Kxe4 101. Kc2 Ke3 102. Kd1 e4 103. Ke1 d5 104. Kf1 d4 105.
Rh2 f3 106. Ke1 d3 107. Rh3 Rb8 108. Kd1 Rb1# 0-1

[Event "Olomouc 2010 - GM1 Valoz Cup"]
[Site "Olomouc (CZE), Hotel Sigma"]
[Date "2010.08.12"]
[Round "9"]
[White "Voloshin, Leonid"]
[Black "Akesson, Ralf"]
[Result "1/2-1/2"]
[WhiteElo "2453"]
[BlackElo "2470"]
[PlyCount "23"]
[EventDate "2010.08.04"]

1. d4 Nf6 2. Nf3 d5 3. g3 g6 4. Bg2 Bg7 5. O-O O-O 6. c4 c6 7. cxd5 cxd5 8. Ne5
e6 9. Nc3 Nfd7 10. f4 Nc6 11. e3 Ndxe5 12. fxe5 1/2-1/2

[Event "Olomouc 2010 - GM2 Prima Pack Cup"]
[Site "Olomouc (CZE), Hotel Sigma"]
[Date "2010.08.05"]
[Round "2"]
[White "Krejci, Jan"]
[Black "Adhiban, B."]
[Result "1/2-1/2"]
[WhiteElo "2463"]
[BlackElo "2483"]
[PlyCount "92"]
[EventDate "2010.08.04"]

1. e4 c5 2. Nf3 d6 3. d4 cxd4 4. Nxd4 Nf6 5. Nc3 Nc6 6. Bg5 e6 7. Qd2 Qb6 8.
Nb3 Be7 9. Bxf6 Bxf6 10. Qxd6 Be5 11. Qc5 Qxc5 12. Nxc5 Ke7 13. O-O-O Bd4 14.
Nd3 a6 15. Na4 Ba7 16. Nac5 Rd8 17. Be2 Nd4 18. Rhe1 b6 19. Nb3 Nxe2+ 20. Rxe2
Bb7 21. f3 Rac8 22. Nf2 Bb8 23. g3 Rxd1+ 24. Nxd1 h5 25. Ne3 h4 26. g4 Bf4 27.
Nd2 a5 28. Kd1 Rd8 29. Ng2 Bxh2 30. Nxh4 Bg3 31. Ng2 Ba6 32. Re3 Bf2 33. Rb3 a4
34. Ra3 Bb5 35. Ne3 Kf6 36. f4 g5 37. e5+ Kg7 38. f5 Bg3 39. fxe6 fxe6 40. b3
Bxe5 41. bxa4 Bc6 42. Ke2 Bd6 43. Rd3 Bxa4 44. Ne4 Be7 45. Rxd8 Bxd8 46. Kd3
Kg6 1/2-1/2

[Event "Olomouc 2010 - GM2 Prima Pack Cup"]
[Site "Olomouc (CZE), Hotel Sigma"]
[Date "2010.08.05"]
[Round "2"]
[White "Krupa, Monika"]
[Black "Simacek, Pavel"]
[Result "1-0"]
[WhiteElo "2214"]
[BlackElo "2532"]
[PlyCount "79"]
[EventDate "2010.08.04"]

1. e4 e6 2. d4 d5 3. Nd2 Nf6 4. e5 Nfd7 5. Bd3 c5 6. c3 Nc6 7. Ndf3 Qa5 8. Kf1
b5 9. g3 b4 10. Ne2 Be7 11. Kg2 bxc3 12. bxc3 Ba6 13. Nf4 Rc8 14. Bxa6 Qxa6 15.
h4 cxd4 16. cxd4 Nb4 17. Ng5 Bxg5 18. hxg5 g6 19. a3 Rc4 20. Bb2 Nc2 21. Rc1
Qa4 22. Ne2 Qc6 23. Rh4 Nb6 24. Nc3 Nxa3 25. Qb3 Rxc3 26. Rxc3 Nac4 27. Ba3 a5
28. Bc5 Nd7 29. Bd6 Ndb6 30. Bc5 Nd7 31. Bd6 Ndb6 32. Rh1 Kd7 33. Bc5 Na4 34.
Rf3 f5 35. gxf6 Nd2 36. Qa3 Nxf3 37. Ba7 Nxe5 38. dxe5 d4+ 39. Kh2 Qc2 40. Bxd4
1-0

[Event "Olomouc 2010 - GM2 Prima Pack Cup"]
[Site "Olomouc (CZE), Hotel Sigma"]
[Date "2010.08.05"]
[Round "2"]
[White "Oparin, Grigoriy"]
[Black "Talla, Vladimir"]
[Result "1/2-1/2"]
[WhiteElo "2309"]
[BlackElo "2476"]
[PlyCount "79"]
[EventDate "2010.08.04"]

1. e4 c5 2. Nf3 d6 3. d4 cxd4 4. Nxd4 Nf6 5. Nc3 a6 6. Bg5 e6 7. f4 Qc7 8. Qf3
b5 9. O-O-O b4 10. e5 Bb7 11. Ncb5 axb5 12. Bxb5+ Nbd7 13. Qh3 b3 14. exf6 bxa2
15. Kd2 gxf6 16. Nxe6 fxe6 17. Qxe6+ Be7 18. Bxf6 O-O-O 19. Bxd7+ Qxd7 20. Qxe7
Qxe7 21. Bxe7 Rd7 22. Rhe1 Re8 23. Bg5 Rxe1 24. Rxe1 Bxg2 25. Ra1 Ra7 26. b3
Be4 27. Kc1 Kd7 28. Kb2 Rc7 29. Rxa2 Rxc2+ 30. Ka3 Rc6 31. Rd2 Ra6+ 32. Kb4
Rb6+ 33. Kc3 Ke6 34. Rd4 d5 35. Rb4 Rxb4 36. Kxb4 d4 37. Kc5 d3 38. Kd4 d2 39.
f5+ Bxf5 40. Bxd2 1/2-1/2

[Event "Olomouc 2010 - GM2 Prima Pack Cup"]
[Site "Olomouc (CZE), Hotel Sigma"]
[Date "2010.08.05"]
[Round "2"]
[White "Semcesen, Daniel"]
[Black "Chernyshov, Konstantin"]
[Result "0-1"]
[WhiteElo "2420"]
[BlackElo "2578"]
[PlyCount "144"]
[EventDate "2010.08.04"]

1. c4 b6 2. Nf3 Bb7 3. d4 e6 4. Nc3 f5 5. Bg5 Be7 6. Bxe7 Qxe7 7. e3 Nf6 8. Bd3
O-O 9. Qe2 Ne4 10. O-O Nxc3 11. bxc3 Nc6 12. e4 Rae8 13. exf5 exf5 14. Qc2 g6
15. Rfe1 Qf6 16. Qa4 Bc8 17. c5 Kg7 18. cxb6 axb6 19. Qc4 Qd6 20. Bf1 Bb7 21.
Qd3 Na5 22. Nd2 Qf6 23. Nb3 Be4 24. Qg3 f4 25. Qg4 Re7 26. Nxa5 bxa5 27. Qd1
Rfe8 28. f3 Bf5 29. Rxe7+ Qxe7 30. Qd2 Qe3+ 31. Qxe3 Rxe3 32. Rc1 Bd3 33. Kf2
Bxf1 34. Kxf1 Kf6 35. Rc2 a4 36. Kf2 g5 37. Kf1 h5 38. Kf2 h4 39. Rc1 Kf5 40.
h3 a3 41. Rc2 d6 42. Rc1 c5 43. dxc5 dxc5 44. Rc2 c4 45. Rc1 Kf6 46. Rc2 Re7
47. Kf1 Rb7 48. Ke1 Rb1+ 49. Ke2 Kf5 50. Kf2 Rb2 51. Re2 Kf6 52. Kf1 Rb1+ 53.
Re1 Rb3 54. axb3 cxb3 55. Ke2 a2 56. Kd3 b2 57. Kc2 a1=Q 58. Rb1 Ke5 59. Rxb2
Qf1 60. Kb3 Qb5+ 61. Kc2 Qc4 62. Kb1 Qxc3 63. Rb5+ Kf6 64. Rb6+ Ke7 65. Rb7+
Kd6 66. Rb2 Qd3+ 67. Rc2 Kd5 68. Kc1 Qe3+ 69. Rd2+ Kc4 70. Kc2 Qb3+ 71. Kc1 Kc3
72. Rc2+ Qxc2# 0-1

[Event "Olomouc 2010 - GM2 Prima Pack Cup"]
[Site "Olomouc (CZE), Hotel Sigma"]
[Date "2010.08.05"]
[Round "2"]
[White "Vokac, Marek"]
[Black "Payen, Arnaud"]
[Result "1-0"]
[WhiteElo "2458"]
[BlackElo "2372"]
[PlyCount "69"]
[EventDate "2010.08.04"]

1. d4 d5 2. c4 e6 3. Nc3 Be7 4. Nf3 Nf6 5. Bg5 h6 6. Bxf6 Bxf6 7. e3 O-O 8. Rc1
c6 9. Bd3 Nd7 10. O-O dxc4 11. Bxc4 e5 12. h3 exd4 13. exd4 Nb6 14. Bb3 Re8 15.
Re1 Bf5 16. Qd2 Qd7 17. Qf4 Rxe1+ 18. Rxe1 g5 19. Qe3 Nd5 20. Bxd5 cxd5 21. Ne5
Qe6 22. Qf3 Rd8 23. Re3 Kg7 24. a3 Bh7 25. Ng4 Qf5 26. Nxf6 Kxf6 27. Qg3 Kg7
28. Re5 Qc2 29. h4 Bg6 30. Re3 Qxb2 31. Qe5+ Kh7 32. hxg5 h5 33. Nxd5 Qb1+ 34.
Kh2 Qf5 35. Nf6+ 1-0

[Event "Olomouc 2010 - GM2 Prima Pack Cup"]
[Site "Olomouc (CZE), Hotel Sigma"]
[Date "2010.08.06"]
[Round "3"]
[White "Adhiban, B."]
[Black "Semcesen, Daniel"]
[Result "1/2-1/2"]
[WhiteElo "2483"]
[BlackElo "2420"]
[PlyCount "74"]
[EventDate "2010.08.04"]

1. e4 e5 2. Nf3 Nc6 3. Bb5 Nf6 4. O-O Bc5 5. d3 d6 6. c3 a6 7. Ba4 O-O 8. h3 h6
9. Re1 b5 10. Bb3 Re8 11. Nbd2 Bb7 12. Nf1 d5 13. exd5 Na5 14. Bc2 Nxd5 15.
Rxe5 Qf6 16. d4 Bd6 17. Rxe8+ Rxe8 18. Qd3 g6 19. Bxh6 Bf4 20. Bxf4 Nxf4 21.
Qd1 Ne2+ 22. Kh2 Bxf3 23. gxf3 Qxf3 24. Qe1 Re6 25. Bd1 Nxd4 26. Ne3 Qf4+ 27.
Kg1 Nc4 28. cxd4 Nxe3 29. fxe3 Rxe3 30. Qf2 Qxd4 31. Bf3 Kg7 32. Bg2 c5 33. Rf1
f5 34. Qf4 Re4+ 35. Qf2 Re3 36. Qf4 Re4+ 37. Qf2 Re3 1/2-1/2

[Event "Olomouc 2010 - GM2 Prima Pack Cup"]
[Site "Olomouc (CZE), Hotel Sigma"]
[Date "2010.08.06"]
[Round "3"]
[White "Chernyshov, Konstantin"]
[Black "Oparin, Grigoriy"]
[Result "1-0"]
[WhiteElo "2578"]
[BlackElo "2309"]
[PlyCount "71"]
[EventDate "2010.08.04"]

1. f4 d5 2. Nf3 Nf6 3. e3 e6 4. b3 b6 5. Bb2 Bb7 6. Ne5 Be7 7. Bb5+ c6 8. Bd3
Nbd7 9. O-O Nc5 10. Be2 Nce4 11. Rf3 Qc7 12. Rh3 Nd6 13. a4 a6 14. Qf1 c5 15.
Bd3 Nde4 16. Be2 Nd6 17. Nc3 Nf5 18. Re1 d4 19. Nd1 dxe3 20. Nxe3 Nxe3 21. Rxe3
Nd5 22. Rh3 Bf6 23. Bd3 Nb4 24. Bc3 Nxd3 25. Qxd3 h6 26. f5 Rd8 27. Qg3 Bd5 28.
Kh1 Qd6 29. Rh5 Ke7 30. Bb2 Rhe8 31. c4 Ba8 32. fxe6 Kf8 33. exf7 Rxe5 34. Bxe5
Qxd2 35. Bxf6 Bxg2+ 36. Kg1 1-0

[Event "Olomouc 2010 - GM2 Prima Pack Cup"]
[Site "Olomouc (CZE), Hotel Sigma"]
[Date "2010.08.06"]
[Round "3"]
[White "Payen, Arnaud"]
[Black "Krejci, Jan"]
[Result "0-1"]
[WhiteElo "2372"]
[BlackElo "2463"]
[PlyCount "98"]
[EventDate "2010.08.04"]

1. c4 Nf6 2. g3 e5 3. Bg2 d5 4. cxd5 Nxd5 5. Nc3 Nb6 6. Nf3 Nc6 7. b3 Be7 8.
O-O O-O 9. Bb2 Re8 10. a4 Bb4 11. d3 Bg4 12. h3 Be6 13. Na2 Bd6 14. Nc3 Nd4 15.
Nd2 Bb4 16. Nc4 Bxc3 17. Bxc3 Bd5 18. e4 Bxc4 19. dxc4 a5 20. Ra2 c5 21. f4 Nd7
22. Rd2 Qb6 23. Kh2 Rad8 24. Qb1 Nb8 25. f5 f6 26. g4 Nbc6 27. Rb2 Nb4 28. h4
Rd6 29. Rd1 Red8 30. Rdd2 Ndc6 31. Rd5 Nd4 32. Rxd6 Rxd6 33. g5 Qd8 34. Bxb4
axb4 35. Qc1 Nc6 36. Bh1 Rd1 37. Qe3 Qd4 38. Re2 Rd3 39. Qc1 Qc3 40. Qf1 Nd4
41. Rf2 Rd2 42. gxf6 Qe3 43. f7+ Kxf7 44. Rxd2 Qxd2+ 45. Bg2 Nxb3 46. Qf3 Qf4+
47. Qxf4 exf4 48. e5 b6 49. Kh3 Nd2 0-1

[Event "Olomouc 2010 - GM2 Prima Pack Cup"]
[Site "Olomouc (CZE), Hotel Sigma"]
[Date "2010.08.06"]
[Round "3"]
[White "Simacek, Pavel"]
[Black "Vokac, Marek"]
[Result "1/2-1/2"]
[WhiteElo "2532"]
[BlackElo "2458"]
[PlyCount "46"]
[EventDate "2010.08.04"]

1. e4 c5 2. Nf3 d6 3. d4 cxd4 4. Nxd4 Nf6 5. Nc3 a6 6. Bg5 e6 7. f4 Be7 8. Qf3
Qc7 9. O-O-O Nbd7 10. g4 b5 11. Bxf6 Nxf6 12. g5 Nd7 13. f5 Bxg5+ 14. Kb1 Ne5
15. Qh5 Qe7 16. Nxe6 Bxe6 17. fxe6 g6 18. exf7+ Kxf7 19. Qh3 Kg7 20. Nd5 Qd8
21. Qa3 Rf8 22. h4 Rf3 23. Nc3 Bd2 1/2-1/2

[Event "Olomouc 2010 - GM2 Prima Pack Cup"]
[Site "Olomouc (CZE), Hotel Sigma"]
[Date "2010.08.06"]
[Round "3"]
[White "Talla, Vladimir"]
[Black "Krupa, Monika"]
[Result "1/2-1/2"]
[WhiteElo "2476"]
[BlackElo "2214"]
[PlyCount "106"]
[EventDate "2010.08.04"]

1. e4 c5 2. Nf3 Nc6 3. d4 cxd4 4. Nxd4 Nf6 5. Nc3 e5 6. Ndb5 d6 7. Bg5 a6 8.
Na3 b5 9. Nd5 Be7 10. Bxf6 Bxf6 11. c3 O-O 12. Nc2 Bg5 13. a4 bxa4 14. Rxa4 a5
15. Bc4 Rb8 16. b3 Kh8 17. Nce3 g6 18. O-O f5 19. Qd3 fxe4 20. Qxe4 Bf5 21.
Nxf5 gxf5 22. Qe2 e4 23. f4 exf3 24. Qxf3 Ne5 25. Qd1 Rb7 26. Be2 Bh6 27. Kh1
Rg7 28. g3 Ng4 29. Bxg4 fxg4 30. Re4 Rg5 31. c4 Bg7 32. Rxf8+ Qxf8 33. Kg2 h5
34. Rf4 Qe8 35. Qd3 Re5 36. Kf1 Qe6 37. Nc3 Bh6 38. Re4 Qf7+ 39. Kg2 Rf5 40.
Re2 Bg7 41. Ne4 Qb7 42. h3 d5 43. cxd5 Rxd5 44. Qc4 Rb5 45. hxg4 hxg4 46. Re1
Rh5 47. Rh1 Rxh1 48. Kxh1 Qd7 49. Kg2 Qd1 50. Qc8+ Kh7 51. Qf5+ Kg8 52. Qe6+
Kh8 53. Qe8+ Kh7 1/2-1/2

[Event "Olomouc 2010 - GM2 Prima Pack Cup"]
[Site "Olomouc (CZE), Hotel Sigma"]
[Date "2010.08.07"]
[Round "4"]
[White "Krejci, Jan"]
[Black "Semcesen, Daniel"]
[Result "1/2-1/2"]
[WhiteElo "2463"]
[BlackElo "2420"]
[PlyCount "79"]
[EventDate "2010.08.04"]

1. e4 e5 2. Nf3 Nc6 3. Bb5 Nf6 4. O-O Bc5 5. d3 Nd4 6. Nxd4 Bxd4 7. Nd2 c6 8.
Ba4 d6 9. c3 Bb6 10. Nc4 Bc7 11. Ne3 O-O 12. Qf3 g6 13. Bb3 Qe7 14. h3 Be6 15.
Ng4 Nxg4 16. hxg4 f6 17. g3 Bxb3 18. axb3 Qe6 19. b4 f5 20. gxf5 gxf5 21. Kg2
fxe4 22. Qxe4 d5 23. Qe2 Bb6 24. Be3 Rae8 25. Bxb6 axb6 26. Rae1 Qf5 27. f3 Rf6
28. Qe3 b5 29. Rf2 Re7 30. Rfe2 Ref7 31. Rf2 Re7 32. Rh1 Rg6 33. Re2 h5 34. Rh3
Rf7 35. Qxe5 Qxf3+ 36. Kh2 Qf1 37. Qe8+ Kg7 38. Qe5+ Kg8 39. Qe8+ Kg7 40. Qe5+
1/2-1/2

[Event "Olomouc 2010 - GM2 Prima Pack Cup"]
[Site "Olomouc (CZE), Hotel Sigma"]
[Date "2010.08.07"]
[Round "4"]
[White "Krupa, Monika"]
[Black "Chernyshov, Konstantin"]
[Result "0-1"]
[WhiteElo "2214"]
[BlackElo "2578"]
[PlyCount "72"]
[EventDate "2010.08.04"]

1. e4 e6 2. d4 b6 3. Nf3 Bb7 4. Bd3 Nf6 5. Nbd2 d5 6. e5 Ne4 7. Qe2 Nxd2 8.
Bxd2 Be7 9. h4 h6 10. Rh3 c5 11. c3 Nc6 12. h5 Rc8 13. Rg3 Kf8 14. Kf1 Rc7 15.
a3 Na5 16. Rd1 Bc6 17. b4 cxb4 18. cxb4 Nc4 19. Bc1 Ba4 20. Re1 Qc8 21. Ng1 Bh4
22. Rg4 Bd8 23. Nh3 Rg8 24. Kg1 Nxe5 25. Ba6 Bb5 26. Qxe5 Bxa6 27. Bf4 Rb7 28.
Rxg7 Rxg7 29. Bxh6 f6 30. Qd6+ Kf7 31. Bxg7 Bc7 32. Qf8+ Qxf8 33. Bxf8 Kxf8 34.
Rxe6 Kf7 35. Re3 Rb8 36. Rc3 Bc4 0-1

[Event "Olomouc 2010 - GM2 Prima Pack Cup"]
[Site "Olomouc (CZE), Hotel Sigma"]
[Date "2010.08.07"]
[Round "4"]
[White "Oparin, Grigoriy"]
[Black "Adhiban, B."]
[Result "1/2-1/2"]
[WhiteElo "2309"]
[BlackElo "2483"]
[PlyCount "131"]
[EventDate "2010.08.04"]

1. e4 e5 2. Nf3 Nc6 3. Bc4 Nf6 4. d3 Be7 5. O-O O-O 6. Re1 d6 7. a4 Kh8 8. a5
a6 9. c3 Ng8 10. d4 f5 11. dxe5 fxe4 12. Rxe4 Rxf3 13. gxf3 Nxe5 14. Bf4 Nxc4
15. Rxc4 Nf6 16. Rd4 d5 17. Qe2 Bc5 18. Rd1 Bh3 19. Nd2 Nh5 20. Bg3 Qg5 21. Qe5
Qg6 22. Ne4 dxe4 23. Qxc5 exf3 24. Qxc7 h6 25. Rd8+ Rxd8 26. Qxd8+ Kh7 27. Qd5
Bg4 28. Qe5 Nf6 29. Re1 Bf5 30. Qf4 Be4 31. b4 Bc6 32. h3 Ne4 33. Qg4 Nxc3 34.
Qxg6+ Kxg6 35. Re5 Kf6 36. Rc5 Ne4 37. Rc2 Kf5 38. Bc7 h5 39. Rc1 g5 40. Rd1
Nf6 41. Rd8 Ne8 42. Bb6 h4 43. Bc5 Ke6 44. Be3 Kf6 45. Rd4 Nc7 46. Rd6+ Kf5 47.
Rh6 Ne6 48. Kf1 Ke5 49. Ke1 Be4 50. Rh8 Kf6 51. Rb8 Ke7 52. Kf1 Bd3+ 53. Kg1
Be4 54. Bc5+ Kf7 55. Bd6 Bc6 56. Kh2 Kf6 57. Rh8 Kg6 58. Be5 Kf5 59. Bc3 Kg6
60. Rg8+ Kf7 61. Rb8 Kg6 62. Rh8 Be4 63. Bd2 Kg7 64. Re8 Kf7 65. Rxe6 Kxe6 66.
Bxg5 1/2-1/2

[Event "Olomouc 2010 - GM2 Prima Pack Cup"]
[Site "Olomouc (CZE), Hotel Sigma"]
[Date "2010.08.07"]
[Round "4"]
[White "Payen, Arnaud"]
[Black "Simacek, Pavel"]
[Result "1/2-1/2"]
[WhiteElo "2372"]
[BlackElo "2532"]
[PlyCount "170"]
[EventDate "2010.08.04"]

1. e4 e5 2. Nf3 Nc6 3. Nc3 Nf6 4. Bc4 Nxe4 5. O-O Nxc3 6. dxc3 Be7 7. Qd5 O-O
8. Nxe5 Nxe5 9. Qxe5 d6 10. Qh5 Be6 11. Bd3 g6 12. Qf3 d5 13. Bf4 Re8 14. Rfe1
Bf8 15. Be5 Bg7 16. Bxg7 Kxg7 17. Qe3 Qf6 18. Qc5 Re7 19. b4 b6 20. Qd4 c5 21.
bxc5 bxc5 22. Qxc5 Rc8 23. Qe3 Rxc3 24. a4 Rcc7 25. Qd2 Qd4 26. Qg5 h6 27. Qg3
Rc3 28. Qd6 Rd7 29. Qb8 Rdc7 30. a5 Rc8 31. Qd6 R3c6 32. Qg3 h5 33. h3 Rc3 34.
Qd6 R3c6 35. Qg3 Rc3 36. Qd6 Qf6 37. Rab1 R3c6 38. Qg3 Bf5 39. Qe5 Qxe5 40.
Rxe5 Bxd3 41. cxd3 Rc1+ 42. Rxc1 Rxc1+ 43. Kh2 Rc5 44. a6 Ra5 45. Kg3 Kf6 46.
d4 Rxa6 47. Rxd5 Ke6 48. Rb5 Rd6 49. Ra5 a6 50. Kf3 Kd7 51. Ke4 Kc7 52. d5 Rf6
53. Ra2 Rb6 54. Kd4 Rb4+ 55. Kc5 Rb5+ 56. Kc4 Kb6 57. d6 Rc5+ 58. Kd4 Rc1 59.
Rb2+ Kc6 60. Ra2 Rd1+ 61. Kc4 Kb6 62. Rb2+ Kc6 63. Ra2 Kxd6 64. Rxa6+ Ke5 65.
Ra3 Rg1 66. Re3+ Kf6 67. g3 g5 68. Kd3 Kf5 69. Ke2 Rb1 70. Rf3+ Kg6 71. g4 hxg4
72. hxg4 Rg1 73. Rg3 Rxg3 74. fxg3 Kf6 75. Kf3 Ke5 76. Ke3 Kd5 77. Kd3 f6 78.
Ke3 Ke5 79. Kd3 f5 80. gxf5 Kxf5 81. Ke3 Kg4 82. Kf2 Kh3 83. Kf3 Kh2 84. Kg4
Kg2 85. Kxg5 Kxg3 1/2-1/2

[Event "Olomouc 2010 - GM2 Prima Pack Cup"]
[Site "Olomouc (CZE), Hotel Sigma"]
[Date "2010.08.08"]
[Round "5"]
[White "Adhiban, B."]
[Black "Krupa, Monika"]
[Result "1-0"]
[WhiteElo "2483"]
[BlackElo "2214"]
[PlyCount "57"]
[EventDate "2010.08.04"]

1. d4 Nf6 2. c4 e6 3. Nf3 b6 4. g3 Ba6 5. Qb3 Nc6 6. Nbd2 Na5 7. Qa4 c5 8. dxc5
bxc5 9. Bg2 Bb7 10. O-O Be7 11. Ne5 Bxg2 12. Kxg2 h5 13. Ndf3 O-O 14. Bg5 d6
15. Bxf6 gxf6 16. Nd3 f5 17. Rad1 Qc7 18. Nf4 h4 19. Qc2 Qb7 20. Nh5 Nc6 21.
Kg1 Ne5 22. Qc3 Qe4 23. Rxd6 f6 24. Nxe5 h3 25. f3 Qxe2 26. Nf4 Qxe5 27. Rxe6
Qxc3 28. bxc3 Kf7 29. Rfe1 1-0

[Event "Olomouc 2010 - GM2 Prima Pack Cup"]
[Site "Olomouc (CZE), Hotel Sigma"]
[Date "2010.08.08"]
[Round "5"]
[White "Chernyshov, Konstantin"]
[Black "Vokac, Marek"]
[Result "1/2-1/2"]
[WhiteElo "2578"]
[BlackElo "2458"]
[PlyCount "68"]
[EventDate "2010.08.04"]

1. d4 d5 2. c4 e6 3. Nc3 Nf6 4. Nf3 Be7 5. Bg5 O-O 6. e3 h6 7. Bh4 b6 8. Rc1
Bb7 9. cxd5 exd5 10. Bd3 Nbd7 11. O-O c5 12. dxc5 bxc5 13. Bb1 Re8 14. Re1 Qb6
15. Re2 Rad8 16. Rd2 Qe6 17. Qb3 Bc6 18. Rcd1 Nb6 19. Qc2 g6 20. b3 d4 21. exd4
Bxf3 22. gxf3 cxd4 23. Nb5 Rc8 24. Qd3 Nfd5 25. Nxd4 Qh3 26. Bxe7 Rxe7 27. Qf1
Qh4 28. Be4 Nf4 29. Ne2 Nxe2+ 30. Rxe2 Rc5 31. Re3 Rg5+ 32. Kh1 Rh5 33. Qg2 Rg5
34. Qf1 Rh5 1/2-1/2

[Event "Olomouc 2010 - GM2 Prima Pack Cup"]
[Site "Olomouc (CZE), Hotel Sigma"]
[Date "2010.08.08"]
[Round "5"]
[White "Semcesen, Daniel"]
[Black "Oparin, Grigoriy"]
[Result "1-0"]
[WhiteElo "2420"]
[BlackElo "2309"]
[PlyCount "91"]
[EventDate "2010.08.04"]

1. d4 d5 2. c4 e6 3. Nc3 Be7 4. Nf3 Nf6 5. Bg5 O-O 6. Qc2 h6 7. Bxf6 Bxf6 8.
Rd1 b6 9. e4 c6 10. e5 Be7 11. Bd3 dxc4 12. Bxc4 Ba6 13. Bb3 Nd7 14. Qe4 Re8
15. Bc2 Nf8 16. Qxc6 Rc8 17. Qa4 Bb7 18. Be4 b5 19. Qxb5 Bxe4 20. Nxe4 Rb8 21.
Qa4 Rb4 22. Qc2 Qa5 23. Nc3 Reb8 24. Rb1 Qa6 25. Qe2 Qxe2+ 26. Kxe2 Rxb2+ 27.
Kd3 R8b6 28. Nd2 f6 29. Nc4 Rxf2 30. Nxb6 axb6 31. exf6 Bxf6 32. Rxb6 e5 33.
Ne4 Rxa2 34. Nxf6+ gxf6 35. Rxf6 exd4 36. Rhf1 Nd7 37. Rd6 Ne5+ 38. Kxd4 Ng4
39. h3 Rd2+ 40. Kc5 Rc2+ 41. Kb4 Ne5 42. Rf5 Nf7 43. Rd7 Ng5 44. Rc5 Rb2+ 45.
Kc3 Rb8 46. Kd3 1-0

[Event "Olomouc 2010 - GM2 Prima Pack Cup"]
[Site "Olomouc (CZE), Hotel Sigma"]
[Date "2010.08.08"]
[Round "5"]
[White "Simacek, Pavel"]
[Black "Krejci, Jan"]
[Result "1-0"]
[WhiteElo "2532"]
[BlackElo "2463"]
[PlyCount "89"]
[EventDate "2010.08.04"]

1. e4 c5 2. Nf3 Nc6 3. d4 cxd4 4. Nxd4 Nf6 5. Nc3 d6 6. Bg5 e6 7. Qd2 a6 8.
O-O-O Be7 9. f4 Nxd4 10. Qxd4 b5 11. Bxf6 gxf6 12. e5 d5 13. f5 fxe5 14. Qxe5
Bf6 15. Qg3 Bh4 16. Qh3 Qf6 17. Kb1 b4 18. Na4 Bf2 19. Be2 Bd7 20. Rhf1 Bxa4
21. Rxf2 e5 22. Rxd5 Bxc2+ 23. Ka1 Be4 24. Rc5 Rd8 25. Qg3 Rd5 26. Rc8+ Kd7 27.
Rxh8 Qxh8 28. f6 Kd6 29. Qb3 Qb8 30. Bc4 Rd4 31. Bxf7 Qc8 32. Rf1 Bd3 33. Rd1
Qf5 34. Bh5 Qxh5 35. Rxd3 Rxd3 36. Qxd3+ Ke6 37. Qxa6+ Kf7 38. Qb7+ Kxf6 39.
Qf3+ Qf5 40. a4 e4 41. Qxf5+ Kxf5 42. Kb1 e3 43. Kc2 Ke4 44. a5 b3+ 45. Kd1 1-0

[Event "Olomouc 2010 - GM2 Prima Pack Cup"]
[Site "Olomouc (CZE), Hotel Sigma"]
[Date "2010.08.08"]
[Round "5"]
[White "Talla, Vladimir"]
[Black "Payen, Arnaud"]
[Result "1-0"]
[WhiteElo "2476"]
[BlackElo "2372"]
[PlyCount "143"]
[EventDate "2010.08.04"]

1. e4 e5 2. Nf3 Nc6 3. Nc3 Nf6 4. Bb5 Bb4 5. O-O O-O 6. d3 d6 7. Bg5 Bxc3 8.
bxc3 Bd7 9. Nd2 h6 10. Bh4 g5 11. Bg3 Ne7 12. Bxd7 Qxd7 13. Nc4 Qe6 14. Qe2 Kg7
15. Rfe1 Nh7 16. d4 f6 17. f3 Rh8 18. Ne3 Nf8 19. Qd2 Nfg6 20. c4 exd4 21. Qxd4
b6 22. Qc3 Nc6 23. Nd5 Rac8 24. f4 gxf4 25. Bxf4 Nce5 26. Rf1 c6 27. Ne3 Rh7
28. Rad1 Kh8 29. Rd2 h5 30. Rdf2 Rf8 31. h3 Nxf4 32. Rxf4 Rg8 33. Kh2 Rg6 34.
a4 Rhg7 35. Rf5 Rh7 36. R1f4 h4 37. a5 Rhg7 38. axb6 axb6 39. Rxh4+ Kg8 40.
Rhf4 Nxc4 41. Ng4 Ne5 42. Rxf6 Nxg4+ 43. hxg4 Rxf6 44. Qxf6 Qxf6 45. Rxf6 Rxg4
46. Rxd6 c5 47. Rxb6 Rxe4 48. Rf6 Kg7 49. Rf3 Kg6 50. Kg3 Kg5 51. Kf2 Kh4 52.
Re3 Rf4+ 53. Ke2 Rg4 54. Kf2 Rf4+ 55. Rf3 Re4 56. Rh3+ Kg4 57. Re3 Rc4 58. c3
Ra4 59. Ke2 Ra2+ 60. Kd3 Rxg2 61. Re5 Kf4 62. Rxc5 Rg1 63. Rd5 Rc1 64. Kd4 Rc2
65. c4 Rc1 66. Rh5 Rd1+ 67. Kc5 Ke4 68. Kc6 Rg1 69. c5 Kd4 70. Kb6 Rb1+ 71. Kc7
Rb5 72. Kd6 1-0

[Event "Olomouc 2010 - GM2 Prima Pack Cup"]
[Site "Olomouc (CZE), Hotel Sigma"]
[Date "2010.08.09"]
[Round "6"]
[White "Krejci, Jan"]
[Black "Oparin, Grigoriy"]
[Result "1/2-1/2"]
[WhiteElo "2463"]
[BlackElo "2309"]
[PlyCount "97"]
[EventDate "2010.08.04"]

1. c4 e6 2. Nf3 d5 3. g3 Nf6 4. Bg2 Be7 5. O-O O-O 6. d4 c6 7. Qc2 b6 8. Rd1
Bb7 9. b3 Nbd7 10. Nc3 Rc8 11. e4 dxe4 12. Nxe4 Nxe4 13. Qxe4 Nf6 14. Qc2 Qc7
15. Bf4 Bd6 16. Bxd6 Qxd6 17. c5 Qe7 18. Ne5 Rfd8 19. Rac1 Nd5 20. Be4 g6 21.
h4 Kg7 22. Kg2 f6 23. Nf3 Nb4 24. Qb2 Rc7 25. a3 Nd5 26. b4 Rcd7 27. Re1 Qf7
28. Rc2 Re7 29. Bd3 Nc7 30. Rce2 bxc5 31. bxc5 Ba6 32. Bxa6 Nxa6 33. d5 e5 34.
d6 Rb7 35. Qc3 Nb8 36. Qa5 Rc8 37. a4 Nd7 38. Rc1 Qb3 39. Re4 Rcb8 40. Rec4 Qd3
41. R4c2 Qd5 42. Rd2 Qe4 43. Re1 Qc4 44. Ree2 Qxc5 45. Qa6 Rb6 46. Qxa7 R8b7
47. Qa8 Rb8 48. Qa7 R8b7 49. Qa8 1/2-1/2